Top 10 Wealthiest Countries - Statistics

General Stats
  • This quiz has been taken 96 times
  • The average score is 9 of 10
Answer Stats
Rank Country % Correct
2 China
98%
1 United States
98%
3 Japan
94%
10 Canada
92%
7 France
92%
4 Germany
92%
6 United Kingdom
92%
5 India
90%
9 Brazil
87%
8 Italy
83%
No matching quizzes found
Score Distribution
Percent of People with Each Score
Percentile by Number Answered
Your Score History
You have not taken this quiz